| 000 | 00562nam a2200157Ia 4500 | ||
|---|---|---|---|
| 008 | 190813s9999 xx 000 0 und d | ||
| 020 | _a9781259253867 | ||
| 100 | _aWhitbourne, Susan Krauss. | ||
| 245 |
_cSusan Krauss Whitbourne.-- _aAbnormal psychology : _bclinical perspectives on psychology / |
||
| 250 | _a8th edition | ||
| 260 |
_aNew York : _bMcGraw-Hill Educational International Edition _c2017 |
||
| 300 | _a407 pages. | ||
| 500 | _aIncluded bibliographical references and index. | ||
| 650 | _aPsychology, pathological. | ||
| 650 | _aSocial psychology. | ||
| 999 |
_c362072 _d362072 |
||